000 00312nam a2200121Ia 4500
008 191201s2020 xx 000 0 und d
100 _aSAINI, JS
245 0 _aTextbook of Measurements and Instrumentation
260 _bNew Age International
_c2020
300 _a528
650 _aB.Tech(ECE)
942 _2ddc
_cBK
_02
999 _c7167
_d7167